000 00798cab a2200241 4500
001 ABS55181
008 090401t1996 xxu||||| |||| 00| 0 eng d
035 _a(Sirsi) u14685
041 _aeng
100 _aBayley, R.
245 _aGuaranteed for a lifetime
260 _c1996
350 _a0
490 _aRoofing
_v21(3) May/June 1996, 18-19(2)
520 _aLooks at the UKs first continuing care community for older people which is backed by the Joseph Rowntree housing trust. Considers similar projects in the USA and Germany and discusses attempts to find new forms of funding.
650 _aCOMMUNITY RESIDENTIAL CARE
650 _aCONTINUING CARE COMMUNITIES
650 _aOLDER PEOPLE
650 _aRESIDENTIAL CARE
690 _aHOUSING
942 _n0
948 _c04/03/1997
999 _c9583
_d9583